000 00644nam a2200241Ia 4500
003 OSt
005 20221007081956.0
006 a|||||r|||| 00| 0
007 ta
008 221006b |||||||| |||| 00| 0 eng d
024 _a28,913
037 _cTextual
040 _aFLL
_cFLL
_beng
041 _2eng
_aeng
082 _aZ8:6, L4
100 _aPryles Michael
_9698417
245 0 _aFederal conflict of laws
260 _aSydney
_bButterworths Sydney
_c1974
300 _axxviii,212p
_ccm.
700 _a Hanks Peter
_9698418
942 _hZ8:6, L4
_cTEXL
_2CC
999 _c1164910
_d1164910